000 01184nam0a22002771 4500
001 v19\rc\2006324
005 20260407121957.0
035 _a(NLR Aleph) 005081313
090 _a7199775
_c7199775
100 _a20080811d1915 u y0rusy50 ca
101 0 _arus
102 _aRU
105 _ay z |||||
200 1 _aСведения, [из Строевого и Полевого уставов], обязательные для унтер-офицера
210 _aЦарицын
_d1915
500 1 0 _6z01712
_6z01712
_aСтроевой пехотный Устав
_aПолевой пехотный Устав
532 1 3 _aСведения, из Строевого и Полевого уставов обязательные, для унтер-офицера
740 1 _aРоссия
_tВоенные уставы и наставления
_3RU\NLR\AUTH\889957977
_9412039
742 1 _aРоссия
_tВоенные уставы и наставления
_3RU\NLR\AUTH\889957977
_9412039
801 0 _aRU
_bNLR
_gpsbo
801 0 _aRU
_bRuMoRGB
_2psbo
801 1 _aRU
_bProSoft-M
_2rusmarc
852 _aNLR
_j37.80.4.167
899 _aRuMoRGB
_jΔ 423/270
942 _cBOOK
980 _aNB